|
|
|
|
| LEADER |
01856nam a2200373 a 4500 |
| 001 |
56348499 |
| 003 |
BD-DhAAL |
| 008 |
090720s2004 enka b 001 0 eng d |
| 010 |
|
|
|a 2002115864
|
| 020 |
|
|
|a 8178293927 (India PB)
|
| 020 |
|
|
|a 0761942998 (pbk)
|
| 020 |
|
|
|a 9780761942993 (pbk)
|
| 020 |
|
|
|a 076194298X
|
| 020 |
|
|
|a 9780761942986
|
| 040 |
|
|
|a DLC
|c DLC
|d UKM
|d C#P
|d BAKER
|d NLGGC
|d BTCTA
|d YDXCP
|d EQF
|
| 082 |
0 |
0 |
|a 808/.02
|2 22
|
| 100 |
1 |
|
|a Oliver, Paul.
|9 57677
|
| 245 |
1 |
0 |
|a Writing your thesis /
|c Paul Oliver.
|
| 260 |
|
|
|a London ;
|a New Delhi :
|b Sage Publications;
|b Vistaar Publications,
|c 2004 [printing 2005].
|
| 300 |
|
|
|a ix, 197 pages :
|b illustrations ;
|c 25 cm.
|
| 504 |
|
|
|a Includes bibliographical references (p. [191]-193) and index.
|
| 526 |
|
|
|x Salim khan
Sr. program Associate
James P. Grant School.
Course name and no. N/A
|
| 541 |
1 |
|
|a Book view
|e 00018397
|
| 650 |
|
0 |
|a Dissertations, Academic.
|
| 650 |
|
0 |
|a Academic writing.
|
| 650 |
1 |
7 |
|a Proefschriften.
|9 57678
|
| 650 |
1 |
7 |
|a Onderzoek.
|9 57679
|
| 650 |
1 |
7 |
|a Rapporteren.
|9 57680
|
| 852 |
4 |
|
|a School of Public Health
|j General Shelf.
|
| 942 |
|
|
|2 ddc
|c BK
|
| 999 |
|
|
|c 2565
|d 2565
|
| 952 |
|
|
|0 0
|1 0
|2 ddc
|4 0
|6 808_020000000000000_OLI
|7 0
|9 2336
|a JPGSPH
|b JPGSPH
|d 2009-04-28
|e Book View
|g 600.00
|l 0
|o 808.02 OLI
|p 3060018397
|r 2009-07-21
|t 1
|y BK
|x Requisitioned by Salim khan, Sr. program Associate, James P. Grant School. Course name and no. N/A
|
| 952 |
|
|
|0 0
|1 0
|2 ddc
|4 0
|6 808_020000000000000_OLI
|7 0
|9 3976
|a BRACUL
|b BRACUL
|c GEN
|d 2009-10-07
|g 0.00
|l 3
|m 43
|o 808.02 OLI
|p 3010013136
|r 2025-08-07
|s 2025-03-02
|t 2
|w 2009-10-07
|y BK
|x No price found in the accession register.
|
| 952 |
|
|
|0 0
|1 0
|2 ddc
|4 0
|6 808_020000000000000_OLI
|7 0
|9 3977
|a BRACUL
|b BRACUL
|c GEN
|d 2009-10-07
|g 0.00
|l 10
|m 49
|o 808.02 OLI
|p 3010013135
|r 2025-10-26
|s 2025-10-19
|t 3
|w 2009-10-07
|y BK
|x No price found in the accession register.
|